|
|
|
|
| LEADER |
01397nam a2200361 a 4500 |
| 001 |
EBC612231 |
| 003 |
MiAaPQ |
| 005 |
20200520144314.0 |
| 006 |
m o d | |
| 007 |
cr cn||||||||| |
| 008 |
110729s2007 gw a sbm 000 0 eng d |
| 020 |
|
|
|z 9783836655569
|
| 020 |
|
|
|a 9783836605564 (electronic bk.)
|
| 035 |
|
|
|a (MiAaPQ)EBC612231
|
| 035 |
|
|
|a (Au-PeEL)EBL612231
|
| 035 |
|
|
|a (CaPaEBR)ebr10482989
|
| 035 |
|
|
|a (OCoLC)689997587
|
| 040 |
|
|
|a MiAaPQ
|c MiAaPQ
|d MiAaPQ
|
| 050 |
|
4 |
|a HB523
|b .F47 2007
|
| 100 |
1 |
|
|a Fernandez, Mary Joy.
|
| 245 |
1 |
0 |
|a Analysis of selected aspects of the multi-channel management and the international distribution system
|h [electronic resource] /
|c Mary Joy Fernandez.
|
| 260 |
|
|
|a Hamburg :
|b Diplom.de,
|c 2007.
|
| 300 |
|
|
|a vi, 83, xvi p. :
|b col. ill.
|
| 490 |
1 |
|
|a Diplomarbeit
|
| 500 |
|
|
|a Title from cover.
|
| 502 |
|
|
|a Diplomarbeit--Fachhochschule fur Oekonomie und Management Essen, 2006.
|
| 504 |
|
|
|a Includes bibliographical references.
|
| 533 |
|
|
|a Electronic reproduction. Ann Arbor, MI : ProQuest, 2015. Available via World Wide Web. Access may be limited to ProQuest affiliated libraries.
|
| 650 |
|
0 |
|a Distribution (Economic theory)
|
| 655 |
|
4 |
|a Electronic books.
|
| 710 |
2 |
|
|a ProQuest (Firm)
|
| 830 |
|
0 |
|a Diplomarbeit.
|
| 856 |
4 |
0 |
|u https://ebookcentral.proquest.com/lib/matrademy/detail.action?docID=612231
|z Click to View
|